Statistiken für Personen nach Land #2

Klicken Sie hier um das Quiz zu spielen!

Allgemein

  • Dieses Quiz wurde 1,291 mal gespielt
  • Das Durchschnittsergebnis liegt bei 15 aus 24

Antwortstatistiken

Person Land % Korrekt
PeléBrasilien
94%
Heidi KlumDeutschland
93%
Ichiro SuzukiJapan
92%
JesusIsrael
92%
Nelson MandelaSüdafrika
90%
Cristiano RonaldoPortugal
89%
Usain BoltJamaika
83%
Dschingis KhanMongolei
83%
PlatonGriechenland
82%
RembrandtNiederlande
77%
Osama bin LadenSaudi-Arabien
67%
Henrik IbsenNorwegen
65%
Ravi ShankarIndien
57%
ImhotepÄgypten
53%
Béla BartókUngarn
51%
Che GuevaraArgentinien
50%
Haile SelassieÄthiopien
49%
Peter JacksonNeuseeland
49%
Nadia ComăneciRumänien
46%
Carlos SlimMexiko
45%
Rupert MurdochAustralien
41%
Kofi AnnanGhana
36%
Aung San Suu KyiBirma
34%
Benazir BhuttoPakistan
26%

Verteilung der Resultate

Perzentil nach korrekt beantworteten Fragen

Anzahl Personen mit jedem Resultat

Ihre Resultats-Entwicklung

Sie haben dieses Quiz noch nicht gespielt